| 000 | 00439nam a22001697a 4500 | ||
|---|---|---|---|
| 003 | OSt | ||
| 005 | 20250512095206.0 | ||
| 008 | 250512b |||||||| |||| 00| 0 eng d | ||
| 040 | _aSEKU | ||
| 050 |
_aHB 875 _b .E35 |
||
| 100 | _aEhrlich, Paul R. | ||
| 245 | _aThe population bomb | ||
| 260 |
_aGreat Britain _bChancer Press, _c1971. |
||
| 440 | _aA Ballantine/friends of the earth book | ||
| 648 | _xPopulation. | ||
| 942 |
_2lcc _cGEN |
||
| 999 |
_c18547 _d18547 |
||